|
|
|
|
| LEADER |
00000nab a2200000 a 4500 |
| 001 |
vtls000851143 |
| 003 |
SK-MaSNL |
| 005 |
20260304131859.0 |
| 008 |
250429c2003 xo 0 slo |
| 015 |
|
|
|a SNBRB2003/10-30993
|
| 035 |
|
|
|a CLN000202798
|
| 035 |
|
|
|a urn:nbn:sk:snk-abr19
|
| 035 |
|
|
|a (urnnbn)urn:nbn:sk:snk:ar-003f0d
|
| 035 |
|
|
|a (uuid)714edb6a-6e17-4c50-96de-6fb523b600a1
|
| 040 |
|
|
|a SNKBUCL
|b slo
|c SNKBUCL
|e AACR2
|
| 041 |
0 |
|
|a slo
|
| 044 |
|
|
|a xo
|c SK
|
| 080 |
|
|
|a 347.94:177.3
|2 1997
|
| 080 |
|
|
|a 343.14
|2 1997
|
| 100 |
1 |
|
|a Kormoš, Milan
|4 aut
|9 1081542
|
| 245 |
1 |
0 |
|a Náčrt možností uplatnenia správy z procesu overovania pravdovravnosti ako dôkazného prostriedku
|c Milan Kormoš, Zoltán Perhácz
|
| 504 |
|
|
|a Bibliogr. odkazy
|
| 650 |
0 |
7 |
|a overovanie pravdovravnosti
|x prostriedky dôkazné
|x uplatnenie správy z procesu
|2 snkbucl
|9 1445928
|
| 650 |
0 |
7 |
|a prostriedky dôkazné
|2 snkbucl
|9 1445929
|
| 650 |
0 |
7 |
|a dôkazy (trestné konanie)
|2 snkbucl
|9 1373914
|
| 655 |
|
7 |
|a články z novín a časopisov
|2 snkbucl
|9 267496
|
| 700 |
1 |
|
|a Perhácz, Zoltán
|4 aut
|9 1445930
|
| 773 |
0 |
|
|t Justičná revue
|g Roč. 55, č. 5 (2003), s. 536-545
|x 1335-6461
|
| 850 |
|
|
|a Slovenská národná knižnica
|
| 852 |
|
|
|a Slovenská národná knižnica
|
| 954 |
|
|
|a odborná, vedecká literatúra pôvodná (slovenská)
|2 lita
|
| 958 |
|
|
|a article27
|
| 958 |
|
|
|a OND
|
| 958 |
|
|
|a NB
|
| 958 |
|
|
|a EUIPO
|
| 992 |
|
|
|a RBX
|
| 999 |
|
|
|c 2897869
|d 2899799
|